[Event "msr2018"]
[Site "?"]
[Date "2018.04.22"]
[Round "2.12"]
[White "Vadila, Ondrej"]
[Black "Grec, Jan Alexander"]
[Result "1-0"]
[BlackElo "1614"]
[WhiteElo "2023"]
[LiveChessVersion "1.4.8"]

1. e4 {[%clk 1:30:57]} c5 {[%clk 1:30:48]} 2. Nf3 {[%clk 1:31:17]} e6
{[%clk 1:31:05]} 3. d4 {[%clk 1:31:39]} cxd4 {[%clk 1:31:13]} 4. Nxd4
{[%clk 1:32:03]} a6 {[%clk 1:31:22]} 5. Bd3 {[%clk 1:32:19]} Nf6 {[%clk 1:31:26]}
6. O-O {[%clk 1:32:20]} Qc7 {[%clk 1:30:57]} 7. Nc3 {[%clk 1:29:38]} b5
{[%clk 1:27:06]} 8. a3 {[%clk 1:27:35]} Bb7 {[%clk 1:24:33]} 9. Qe2
{[%clk 1:24:42]} d6 {[%clk 1:22:26]} 10. f4 {[%clk 1:23:01]} Nbd7
{[%clk 1:18:38]} 11. Nb3 {[%clk 1:15:27]} Be7 {[%clk 1:15:32]} 12. Be3
{[%clk 1:08:04]} O-O {[%clk 1:11:08]} 13. g4 {[%clk 0:57:45]} Nc5
{[%clk 1:09:00]} 14. Nxc5 {[%clk 0:46:20]} dxc5 {[%clk 1:09:14]} 15. e5
{[%clk 0:40:54]} Nd5 {[%clk 1:07:26]} 16. Nxd5 {[%clk 0:40:10]} Bxd5
{[%clk 1:06:59]} 17. c4 {[%clk 0:35:12]} Bc6 {[%clk 1:03:38]} 18. Rad1
{[%clk 0:32:29]} Rfd8 {[%clk 1:03:00]} 19. Qc2 {[%clk 0:31:33]} h6
{[%clk 1:00:17]} 20. Qf2 {[%clk 0:29:51]} bxc4 {[%clk 0:57:31]} 21. Bxc4
{[%clk 0:28:35]} Rxd1 {[%clk 0:57:26]} 22. Rxd1 {[%clk 0:28:59]} Bb7
{[%clk 0:57:44]} 23. Bf1 {[%clk 0:26:47]} c4 {[%clk 0:55:58]} 24. Rc1
{[%clk 0:21:58]} Bd5 {[%clk 0:55:10]} 25. Bg2 {[%clk 0:21:06]} Rb8
{[%clk 0:54:43]} 26. Bxd5 {[%clk 0:20:09]} exd5 {[%clk 0:54:47]} 27. Bd4
{[%clk 0:20:25]} Rc8 {[%clk 0:53:44]} 28. Kf1 {[%clk 0:16:47]} Bc5
{[%clk 0:53:56]} 29. Rd1 {[%clk 0:16:33]} Qb6 {[%clk 0:53:42]} 30. Bxc5
{[%clk 0:09:48]} Qxc5 {[%clk 0:53:59]} 31. Qd4 {[%clk 0:09:11]} Qxd4
{[%clk 0:54:04]} 32. Rxd4 {[%clk 0:09:37]} Rc5 {[%clk 0:54:17]} 33. Ke2
{[%clk 0:09:34]} a5 {[%clk 0:52:38]} 34. Kd2 {[%clk 0:09:07]} a4 {[%clk 0:52:26]}
35. Kc3 {[%clk 0:08:57]} Rb5 {[%clk 0:52:43]} 36. Rd2 {[%clk 0:08:43]} Kf8
{[%clk 0:52:36]} 37. Kd4 {[%clk 0:08:27]} Ke7 {[%clk 0:51:29]} 38. Re2
{[%clk 0:06:48]} g6 {[%clk 0:49:24]} 39. f5 {[%clk 0:06:38]} g5 {[%clk 0:49:19]}
40. h3 {[%clk 0:05:55]} Ra5 {[%clk 0:46:59]} 41. Rf2 {[%clk 0:03:04]} Rb5
{[%clk 0:46:54]} 42. Rh2 {[%clk 0:03:24]} f6 {[%clk 0:46:04]} 43. exf6+
{[%clk 0:03:24]} Kxf6 {[%clk 0:46:23]} 44. Re2 {[%clk 0:03:46]} Kf7
{[%clk 0:46:18]} 45. Ke5 {[%clk 0:03:21]} Ke7 {[%clk 0:45:42]} 46. Rh2
{[%clk 0:03:18]} Kf7 {[%clk 0:45:34]} 47. Rd2 {[%clk 0:02:54]} Ke7
{[%clk 0:45:39]} 48. f6+ {[%clk 0:01:15]} Kf7 {[%clk 0:46:00]} 49. Rxd5
{[%clk 0:01:39]} Rxb2 {[%clk 0:46:20]} 50. Rd7+ {[%clk 0:02:03]} Kf8
{[%clk 0:46:25]} 51. Rc7 {[%clk 0:02:13]} Rb3 {[%clk 0:46:32]} 52. Ke6
{[%clk 0:02:25]} Rb6+ {[%clk 0:46:20]} 53. Kf5 {[%clk 0:02:48]} Ke8
{[%clk 0:45:42]} 54. Kg6 {[%clk 0:03:03]} Kd8 {[%clk 0:43:26]} 55. Rxc4
{[%clk 0:03:01]} 1-0

[Event "msr2018"]
[Site "?"]
[Date "2018.04.22"]
[Round "2.13"]
[White "Gulas, Gabriel"]
[Black "Sobek, Michal"]
[Result "0-1"]
[BlackElo "2022"]
[WhiteElo "1614"]
[LiveChessVersion "1.4.8"]

1. e4 {[%clk 1:30:53]} c5 {[%clk 1:30:53]} 2. Nf3 {[%clk 1:30:52]} Nc6
{[%clk 1:31:14]} 3. d4 {[%clk 1:31:03]} cxd4 {[%clk 1:31:37]} 4. Nxd4
{[%clk 1:31:27]} g6 {[%clk 1:31:47]} 5. Nc3 {[%clk 1:30:53]} Bg7 {[%clk 1:32:06]}
6. Be3 {[%clk 1:30:20]} Nf6 {[%clk 1:32:10]} 7. Bc4 {[%clk 1:29:50]} O-O
{[%clk 1:32:08]} 8. Bb3 {[%clk 1:27:47]} d6 {[%clk 1:30:49]} 9. f3
{[%clk 1:26:48]} Bd7 {[%clk 1:28:33]} 10. Qd2 {[%clk 1:23:51]} Rc8
{[%clk 1:28:28]} 11. O-O-O {[%clk 1:23:56]} Na5 {[%clk 1:26:34]} 12. g4
{[%clk 1:21:27]} Nc4 {[%clk 1:25:53]} 13. Bxc4 {[%clk 1:21:39]} Rxc4
{[%clk 1:26:15]} 14. h4 {[%clk 1:21:23]} Qa5 {[%clk 1:25:39]} 15. h5
{[%clk 1:12:47]} Rfc8 {[%clk 1:24:26]} 16. Nde2 {[%clk 1:01:33]} b5
{[%clk 1:24:07]} 17. Kb1 {[%clk 0:58:43]} b4 {[%clk 1:14:32]} 18. Nd5
{[%clk 0:56:35]} Nxd5 {[%clk 1:10:03]} 19. exd5 {[%clk 0:55:13]} Rxc2
{[%clk 1:09:28]} 20. Qxc2 {[%clk 0:54:20]} Rxc2 {[%clk 1:09:50]} 21. Kxc2
{[%clk 0:54:41]} Qxa2 {[%clk 1:10:07]} 22. Rb1 {[%clk 0:54:00]} Ba4+
{[%clk 1:10:09]} 23. Kc1 {[%clk 0:54:14]} Qc4+ {[%clk 1:10:27]} 0-1

[Event "msr2018"]
[Site "?"]
[Date "2018.04.22"]
[Round "2.14"]
[White "Gyerpal, Adrian"]
[Black "Bobro, Jan"]
[Result "1-0"]
[BlackElo "1581"]
[WhiteElo "1976"]
[LiveChessVersion "1.4.8"]

1. e4 {[%clk 1:30:55]} c5 {[%clk 1:30:25]} 2. Nf3 {[%clk 1:31:17]} e6
{[%clk 1:30:47]} 3. c4 {[%clk 1:31:23]} g6 {[%clk 1:25:26]} 4. Nc3
{[%clk 1:31:04]} Nc6 {[%clk 1:21:50]} 5. d4 {[%clk 1:27:02]} cxd4
{[%clk 1:21:05]} 6. Nxd4 {[%clk 1:27:20]} Nge7 {[%clk 1:18:34]} 7. Ndb5
{[%clk 1:22:55]} Ng8 {[%clk 1:07:11]} 8. Bf4 {[%clk 1:15:18]} e5 {[%clk 1:04:59]}
9. Nd5 {[%clk 1:14:00]} Bb4+ {[%clk 1:00:04]} 10. Bd2 {[%clk 1:00:23]} Bxd2+
{[%clk 0:59:16]} 11. Qxd2 {[%clk 1:00:50]} Kf8 {[%clk 0:58:26]} 12. c5
{[%clk 0:53:26]} Nge7 {[%clk 0:56:26]} 13. Qh6+ {[%clk 0:53:15]} Kg8
{[%clk 0:56:11]} 14. Nf6# 1-0

[Event "msr2018"]
[Site "?"]
[Date "2018.04.22"]
[Round "2.15"]
[White "Verbytskiy, Patrik"]
[Black "Valko, Michal"]
[Result "1/2-1/2"]
[BlackElo "1558"]
[WhiteElo "1838"]
[LiveChessVersion "1.4.8"]

1. e4 {[%clk 1:30:45]} c5 {[%clk 1:30:02]} 2. Nf3 {[%clk 1:30:58]} Nc6
{[%clk 1:28:56]} 3. d4 {[%clk 1:29:25]} cxd4 {[%clk 1:27:59]} 4. Nxd4
{[%clk 1:29:52]} g6 {[%clk 1:26:58]} 5. Be3 {[%clk 1:27:23]} Bg7 {[%clk 1:26:09]}
6. c3 {[%clk 1:26:33]} Nf6 {[%clk 1:23:10]} 7. Nd2 {[%clk 1:26:38]} O-O
{[%clk 1:20:27]} 8. Be2 {[%clk 1:26:55]} d5 {[%clk 1:19:47]} 9. exd5
{[%clk 1:26:06]} Nxd5 {[%clk 1:18:59]} 10. Nxc6 {[%clk 1:25:24]} Nxe3
{[%clk 1:16:08]} 11. Nxd8 {[%clk 1:25:10]} Nxd1 {[%clk 1:16:28]} 12. Rxd1
{[%clk 1:25:38]} Rxd8 {[%clk 1:16:44]} 13. O-O {[%clk 1:26:05]} Bf5
{[%clk 1:14:53]} 14. Nf3 {[%clk 1:25:11]} Bc2 {[%clk 1:09:45]} 15. Rxd8+
{[%clk 1:24:09]} Rxd8 {[%clk 1:10:14]} 16. Re1 {[%clk 1:24:24]} e6
{[%clk 1:05:14]} 17. g3 {[%clk 1:19:24]} Rd6 {[%clk 1:00:33]} 18. Rc1
{[%clk 1:09:30]} Be4 {[%clk 0:58:11]} 19. Rd1 {[%clk 1:09:37]} Rxd1+
{[%clk 0:56:49]} 20. Bxd1 {[%clk 1:08:39]} Kh8 {[%clk 0:53:54]} 21. Ng5
{[%clk 1:06:31]} Bd5 {[%clk 0:53:57]} 22. Nxf7+ {[%clk 1:05:59]} Kg8
{[%clk 0:54:17]} 23. Nd6 {[%clk 1:06:01]} Be5 {[%clk 0:54:34]} 24. c4
{[%clk 1:04:15]} Bc6 {[%clk 0:52:50]} 25. Nc8 {[%clk 1:04:30]} Bxb2 26. Nxa7
{[%clk 1:03:58]} Ba3 {[%clk 0:41:53]} 27. Nxc6 {[%clk 1:01:57]} bxc6
{[%clk 0:42:21]} 28. Kg2 {[%clk 1:02:21]} Kf7 {[%clk 0:42:06]} 29. Kf3
{[%clk 1:02:19]} Kf6 {[%clk 0:42:24]} 30. Ke4 {[%clk 1:02:26]} e5
{[%clk 0:29:22]} 31. Kd3 {[%clk 0:48:50]} Ke6 {[%clk 0:27:11]} 32. Kc3
{[%clk 0:48:43]} Bc5 {[%clk 0:26:28]} 33. f3 {[%clk 0:48:49]} Kd6
{[%clk 0:24:08]} 34. a4 {[%clk 0:48:24]} Bf2 {[%clk 0:24:21]} 35. Kd3
{[%clk 0:46:14]} Kc5 {[%clk 0:23:00]} 36. g4 {[%clk 0:44:55]} Bg1
{[%clk 0:18:32]} 37. h3 {[%clk 0:45:15]} Kb4 {[%clk 0:17:42]} 1/2-1/2

[Event "msr2018"]
[Site "?"]
[Date "2018.04.22"]
[Round "2.16"]
[White "Belica, Kamil"]
[Black "Beres, Tomas"]
[Result "1/2-1/2"]
[BlackElo "1720"]
[WhiteElo "1429"]
[LiveChessVersion "1.4.8"]

1. e4 {[%clk 1:30:57]} d6 {[%clk 1:30:48]} 2. d4 {[%clk 1:31:22]} Nf6
{[%clk 1:31:14]} 3. Nc3 {[%clk 1:31:42]} g6 {[%clk 1:31:39]} 4. Nf3
{[%clk 1:31:57]} Bg7 {[%clk 1:32:03]} 5. Bd3 {[%clk 1:31:39]} O-O
{[%clk 1:32:25]} 6. O-O {[%clk 1:31:13]} c6 {[%clk 1:32:49]} 7. Bf4
{[%clk 1:28:31]} Nh5 {[%clk 1:32:19]} 8. Be3 {[%clk 1:26:49]} Qc7
{[%clk 1:29:30]} 9. h3 {[%clk 1:26:23]} Nd7 {[%clk 1:29:49]} 10. Qd2
{[%clk 1:22:37]} e5 {[%clk 1:28:59]} 11. d5 {[%clk 1:20:31]} Nc5 {[%clk 1:25:16]}
12. dxc6 {[%clk 1:17:32]} bxc6 {[%clk 1:25:25]} 13. Rfd1 {[%clk 1:16:40]} Be6
{[%clk 1:16:18]} 14. b4 {[%clk 1:15:07]} Nxd3 {[%clk 1:13:27]} 15. Qxd3
{[%clk 1:15:05]} Rad8 {[%clk 1:12:29]} 16. Qa6 {[%clk 1:14:28]} Rd7
{[%clk 1:03:54]} 1/2-1/2

[Event "msr2018"]
[Site "?"]
[Date "2018.04.22"]
[Round "2.17"]
[White "Kostolansky, Sebastian Lukas"]
[Black "Compel, Daniel"]
[Result "1-0"]
[BlackElo "1439"]
[WhiteElo "2213"]
[LiveChessVersion "1.4.8"]

1. e4 {[%clk 1:30:57]} e5 {[%clk 1:30:59]} 2. Nf3 {[%clk 1:31:20]} Nc6
{[%clk 1:31:26]} 3. Bb5 {[%clk 1:31:39]} a6 {[%clk 1:31:50]} 4. Ba4
{[%clk 1:32:03]} Nf6 {[%clk 1:32:04]} 5. d3 {[%clk 1:32:25]} d6 {[%clk 1:32:29]}
6. c3 {[%clk 1:32:50]} b5 {[%clk 1:32:51]} 7. Bc2 {[%clk 1:33:13]} Be7
{[%clk 1:32:59]} 8. O-O {[%clk 1:33:34]} Na5 {[%clk 1:33:18]} 9. Nbd2
{[%clk 1:32:55]} c5 {[%clk 1:33:35]} 10. Re1 {[%clk 1:32:20]} Nc6
{[%clk 1:33:56]} 11. Nf1 {[%clk 1:32:29]} O-O {[%clk 1:34:11]} 12. Ng3
{[%clk 1:32:20]} a5 {[%clk 1:32:37]} 13. h3 {[%clk 1:30:43]} Re8 {[%clk 1:30:16]}
14. Be3 {[%clk 1:28:29]} Qc7 {[%clk 1:25:09]} 15. Rc1 {[%clk 1:25:36]} Bd7
{[%clk 1:23:23]} 16. d4 {[%clk 1:23:22]} Rad8 {[%clk 1:19:47]} 17. d5
{[%clk 1:20:55]} Na7 {[%clk 1:17:53]} 18. Nh2 {[%clk 1:20:34]} Nc8
{[%clk 1:12:22]} 19. Ng4 {[%clk 1:15:11]} Nxg4 {[%clk 1:10:27]} 20. hxg4
{[%clk 1:15:32]} g6 {[%clk 1:08:32]} 21. f3 {[%clk 1:12:26]} Bh4 {[%clk 1:07:31]}
22. Kf2 {[%clk 1:11:14]} f6 {[%clk 1:03:15]} 23. Rh1 {[%clk 1:07:37]} Bxg3+
{[%clk 1:03:35]} 24. Kxg3 {[%clk 1:08:01]} Rf8 {[%clk 1:02:46]} 25. Rh6
{[%clk 1:06:20]} Rf7 {[%clk 1:02:02]} 26. Qh1 {[%clk 1:04:51]} Be8
{[%clk 1:01:29]} 27. Qh4 {[%clk 0:58:19]} Qe7 {[%clk 0:57:42]} 28. Rh1
{[%clk 0:56:16]} g5 {[%clk 0:55:40]} 29. Rg6+ {[%clk 0:54:50]} Kf8
{[%clk 0:54:41]} 30. Qh6+ {[%clk 0:55:16]} Rg7 {[%clk 0:54:22]} 31. Rxf6+
{[%clk 0:55:13]} Kg8 {[%clk 0:53:06]} 32. Bxg5 {[%clk 0:55:32]} 1-0

[Event "msr2018"]
[Site "?"]
[Date "2018.04.22"]
[Round "2.18"]
[White "Kubik, Richard"]
[Black "Krupa, Miroslav"]
[Result "0-1"]
[BlackElo "2002"]
[WhiteElo "1445"]
[LiveChessVersion "1.4.8"]

1. e4 {[%clk 1:30:50]} c5 {[%clk 1:30:50]} 2. Nf3 {[%clk 1:30:59]} d6
{[%clk 1:31:14]} 3. d4 {[%clk 1:30:16]} cxd4 {[%clk 1:31:38]} 4. Nxd4
{[%clk 1:30:41]} Nf6 {[%clk 1:32:01]} 5. Nc3 {[%clk 1:31:04]} a6 {[%clk 1:32:27]}
6. h3 {[%clk 1:29:56]} e6 {[%clk 1:32:01]} 7. Be3 {[%clk 1:27:23]} b5
{[%clk 1:32:21]} 8. a3 {[%clk 1:25:22]} Bb7 {[%clk 1:28:32]} 9. Bd3
{[%clk 1:20:40]} Nbd7 {[%clk 1:28:38]} 10. Nf3 {[%clk 1:19:24]} Rc8
{[%clk 1:27:46]} 11. Qd2 {[%clk 1:17:59]} Nc5 {[%clk 1:23:43]} 12. Bxc5
{[%clk 1:16:11]} Rxc5 {[%clk 1:23:48]} 13. O-O {[%clk 1:16:03]} Be7
{[%clk 1:24:01]} 14. Rfe1 {[%clk 1:14:26]} O-O {[%clk 1:24:21]} 15. Re3
{[%clk 1:10:01]} Qa8 {[%clk 1:17:10]} 16. Rae1 {[%clk 1:09:52]} Rd8
{[%clk 1:17:24]} 17. Qd1 {[%clk 1:03:33]} Nd7 {[%clk 1:12:16]} 18. Ne2
{[%clk 0:59:14]} Bf6 {[%clk 1:10:10]} 19. c3 {[%clk 0:58:10]} Nb6
{[%clk 1:02:45]} 20. Ng3 {[%clk 0:56:16]} Qc8 {[%clk 0:53:37]} 21. Qc2
{[%clk 0:54:51]} Nc4 {[%clk 0:45:21]} 22. Bxc4 {[%clk 0:52:05]} Rxc4
{[%clk 0:44:55]} 23. e5 {[%clk 0:50:43]} dxe5 {[%clk 0:45:14]} 24. Nxe5
{[%clk 0:51:06]} Rc5 {[%clk 0:39:09]} 25. Nf3 {[%clk 0:49:44]} Rcd5
{[%clk 0:34:01]} 26. Re4 {[%clk 0:43:33]} Rd3 {[%clk 0:20:55]} 27. Rg4
{[%clk 0:43:29]} Qc5 {[%clk 0:18:07]} 28. Ne4 {[%clk 0:41:50]} Bxe4
{[%clk 0:18:31]} 29. Rexe4 {[%clk 0:42:01]} Rd1+ {[%clk 0:11:13]} 30. Re1
{[%clk 0:38:25]} Rxe1+ {[%clk 0:10:27]} 31. Nxe1 {[%clk 0:38:48]} Qd5
{[%clk 0:10:48]} 32. Nf3 {[%clk 0:38:36]} Qc5 {[%clk 0:01:45]} 33. Nd2
{[%clk 0:35:32]} Qd6 {[%clk 0:00:48]} 34. Ne4 {[%clk 0:35:50]} Qd1+
{[%clk 0:01:04]} 35. Qxd1 {[%clk 0:36:09]} Rxd1+ {[%clk 0:01:30]} 36. Kh2
{[%clk 0:36:23]} Be5+ {[%clk 0:01:37]} 37. f4 {[%clk 0:36:26]} f5
{[%clk 0:01:50]} 38. Nf2 {[%clk 0:35:29]} Rd2 {[%clk 0:01:49]} 39. Rh4
{[%clk 0:35:43]} Bf6 0-1

[Event "msr2018"]
[Site "?"]
[Date "2018.04.22"]
[Round "2.20"]
[White "Balvan, Filip"]
[Black "Salgovic, Simon"]
[Result "0-1"]
[BlackElo "1789"]
[WhiteElo "1420"]
[LiveChessVersion "1.4.8"]

1. e4 {[%clk 1:30:54]} d5 {[%clk 1:30:56]} 2. Nc3 {[%clk 1:29:04]} dxe4
{[%clk 1:31:14]} 3. Nxe4 {[%clk 1:29:20]} Qd5 {[%clk 1:31:19]} 4. Nc3
{[%clk 1:27:08]} Qa5 {[%clk 1:31:45]} 5. Nf3 {[%clk 1:26:06]} Nf6
{[%clk 1:30:19]} 6. Bc4 {[%clk 1:22:54]} Bg4 {[%clk 1:29:23]} 7. d3
{[%clk 1:17:27]} Nbd7 {[%clk 1:21:01]} 8. Bd2 {[%clk 1:08:08]} Qh5
{[%clk 1:17:42]} 9. d4 {[%clk 1:05:01]} O-O-O {[%clk 1:06:50]} 10. h3
{[%clk 1:02:56]} e5 {[%clk 1:05:59]} 11. Be2 {[%clk 0:55:27]} exd4
{[%clk 0:48:00]} 12. Nxd4 {[%clk 0:55:31]} Ne5 {[%clk 0:47:03]} 13. Nb3
{[%clk 0:51:39]} Bb4 {[%clk 0:43:24]} 14. Bxg4+ {[%clk 0:49:06]} Nexg4
{[%clk 0:38:41]} 15. Qf3 {[%clk 0:46:49]} Bxc3 {[%clk 0:35:55]} 16. Bxc3
{[%clk 0:44:32]} Rhe8+ {[%clk 0:36:01]} 17. Kf1 {[%clk 0:44:37]} Qb5+
{[%clk 0:26:55]} 18. Kg1 {[%clk 0:44:16]} Ne5 {[%clk 0:25:35]} 19. Qf5+
{[%clk 0:42:42]} Kb8 {[%clk 0:25:33]} 20. g4 {[%clk 0:32:16]} Qd5
{[%clk 0:24:20]} 21. Nd4 {[%clk 0:31:23]} c5 {[%clk 0:24:05]} 22. f4
{[%clk 0:28:46]} cxd4 {[%clk 0:23:46]} 23. fxe5 {[%clk 0:27:09]} Rxe5
{[%clk 0:23:48]} 0-1

[Event "msr2018"]
[Site "?"]
[Date "2018.04.22"]
[Round "2.21"]
[White "Lovcican, Tomas"]
[Black "Simon, Leonard"]
[Result "1-0"]
[BlackElo "1373"]
[WhiteElo "1660"]
[LiveChessVersion "1.4.8"]

1. d4 {[%clk 1:30:59]} Nf6 {[%clk 1:30:47]} 2. c4 {[%clk 1:31:20]} c5
{[%clk 1:30:47]} 3. d5 {[%clk 1:31:44]} b5 {[%clk 1:30:13]} 4. Nc3
{[%clk 1:30:34]} a6 {[%clk 1:20:14]} 5. e4 {[%clk 1:29:44]} d6 {[%clk 1:14:08]}
6. cxb5 {[%clk 1:24:49]} g6 {[%clk 1:13:13]} 7. f4 {[%clk 1:23:57]} Bg7
{[%clk 1:11:16]} 8. Nf3 {[%clk 1:20:54]} O-O {[%clk 1:10:21]} 9. Bc4
{[%clk 1:19:02]} axb5 {[%clk 0:56:09]} 10. Bxb5 {[%clk 1:17:19]} Nxe4
{[%clk 0:51:36]} 11. Nxe4 {[%clk 1:11:14]} Qa5+ {[%clk 0:51:54]} 12. Nc3
{[%clk 1:10:50]} Bxc3+ {[%clk 0:52:04]} 13. bxc3 {[%clk 1:11:13]} Qxb5
{[%clk 0:52:24]} 14. Nd2 {[%clk 0:58:41]} e6 {[%clk 0:51:55]} 15. c4
{[%clk 0:57:37]} Qd7 {[%clk 0:51:41]} 16. O-O {[%clk 0:56:08]} exd5
{[%clk 0:51:43]} 17. cxd5 {[%clk 0:56:21]} Re8 {[%clk 0:51:15]} 18. Bb2
{[%clk 0:53:44]} Rf8 {[%clk 0:34:33]} 19. Ne4 {[%clk 0:53:23]} Qb5
{[%clk 0:31:22]} 20. Nf6+ {[%clk 0:52:35]} Kh8 {[%clk 0:31:16]} 21. Qc2
{[%clk 0:51:48]} Bf5 {[%clk 0:29:26]} 22. Nh5+ {[%clk 0:52:04]} f6
{[%clk 0:29:22]} 23. Bxf6+ {[%clk 0:51:43]} Rxf6 {[%clk 0:29:18]} 24. Qc3
{[%clk 0:52:06]} Nd7 {[%clk 0:29:02]} 25. Nxf6 {[%clk 0:52:20]} Nxf6
{[%clk 0:29:09]} 26. Qxf6+ {[%clk 0:52:46]} Kg8 {[%clk 0:29:34]} 27. Qxd6
{[%clk 0:52:50]} c4 {[%clk 0:29:22]} 28. Qc6 {[%clk 0:50:53]} Qxc6
{[%clk 0:28:38]} 29. dxc6 {[%clk 0:51:18]} Rc8 {[%clk 0:29:02]} 30. Rac1
{[%clk 0:51:27]} Rxc6 {[%clk 0:29:20]} 31. a4 {[%clk 0:51:29]} c3
{[%clk 0:29:27]} 32. Rf3 {[%clk 0:50:24]} c2 {[%clk 0:29:37]} 33. Kf2
{[%clk 0:50:19]} Rd6 {[%clk 0:29:48]} 34. Ke1 {[%clk 0:49:43]} Bg4
{[%clk 0:29:31]} 35. Rxc2 {[%clk 0:48:26]} Bxf3 {[%clk 0:29:35]} 36. gxf3
{[%clk 0:48:53]} Rd4 {[%clk 0:29:40]} 37. Ra2 {[%clk 0:49:11]} Rxf4
{[%clk 0:29:49]} 38. Kf2 {[%clk 0:49:30]} Rf6 {[%clk 0:29:45]} 39. a5
{[%clk 0:49:17]} Ra6 {[%clk 0:29:53]} 40. Ke3 {[%clk 0:49:33]} Kf7
{[%clk 0:30:03]} 41. Kf4 {[%clk 0:48:53]} h6 {[%clk 0:28:04]} 42. Ke5
{[%clk 0:48:20]} Ke7 {[%clk 0:28:22]} 43. Kd5 {[%clk 0:47:44]} Kd7
{[%clk 0:28:41]} 44. Kc5 {[%clk 0:48:11]} Kc7 {[%clk 0:28:49]} 45. Kb5
{[%clk 0:48:37]} Kb7 {[%clk 0:28:59]} 46. Re2 {[%clk 0:48:37]} Rf6
{[%clk 0:28:57]} 47. a6+ {[%clk 0:48:32]} Ka7 {[%clk 0:28:56]} 48. Re7+
{[%clk 0:47:33]} Ka8 {[%clk 0:28:42]} 49. Rg7 {[%clk 0:45:22]} g5
{[%clk 0:28:31]} 50. Rh7 {[%clk 0:43:51]} Rg6 {[%clk 0:28:02]} 51. Kc5
{[%clk 0:42:28]} Rxa6 {[%clk 0:27:13]} 52. Kd5 {[%clk 0:42:52]} Kb8
{[%clk 0:25:14]} 53. Ke5 {[%clk 0:42:21]} Kc8 {[%clk 0:23:37]} 54. Kf5
{[%clk 0:42:27]} Kd8 {[%clk 0:21:46]} 55. Kg4 {[%clk 0:42:09]} Ra4+
{[%clk 0:16:41]} 56. Kh5 {[%clk 0:42:20]} Rh4+ {[%clk 0:15:45]} 57. Kg6
{[%clk 0:42:43]} Rxh2 {[%clk 0:15:49]} 58. Rxh6 {[%clk 0:43:04]} Rg2
{[%clk 0:15:43]} 59. Rh3 {[%clk 0:37:37]} g4 {[%clk 0:15:54]} 60. Rh8+
{[%clk 0:37:59]} Ke7 {[%clk 0:16:01]} 61. f4 {[%clk 0:37:21]} Rf2
{[%clk 0:15:53]} 62. f5 {[%clk 0:35:42]} g3 {[%clk 0:16:01]} 63. Rh5
{[%clk 0:35:54]} Rh2 {[%clk 0:07:30]} 64. Rg5 {[%clk 0:35:36]} Rh8
{[%clk 0:07:04]} 65. f6+ {[%clk 0:36:01]} Kf8 {[%clk 0:03:28]} 66. f7
{[%clk 0:36:19]} Rh1 {[%clk 0:02:57]} 67. Re5 {[%clk 0:36:22]} Rh6+
{[%clk 0:00:31]} 68. Kxh6 {[%clk 0:36:39]} Kxf7 {[%clk 0:00:56]} 69. Rg5
{[%clk 0:37:01]} g2 {[%clk 0:01:15]} 70. Rxg2 {[%clk 0:37:27]} Ke6
{[%clk 0:01:38]} 71. Rf2 {[%clk 0:37:38]} Ke5 {[%clk 0:01:57]} 72. Kg5
{[%clk 0:37:52]} Kd5 {[%clk 0:02:15]} 73. Re2 {[%clk 0:38:13]} Kd4
{[%clk 0:02:24]} 74. Kf4 {[%clk 0:38:35]} 1-0

[Event "msr2018"]
[Site "?"]
[Date "2018.04.22"]
[Round "2.22"]
[White "Orgon, Patrik"]
[Black "Sandor, Samuel"]
[Result "1/2-1/2"]
[BlackElo "1603"]
[WhiteElo "1402"]
[LiveChessVersion "1.4.8"]

1. e4 {[%clk 1:30:58]} d6 {[%clk 1:30:54]} 2. d4 {[%clk 1:31:08]} Nd7
{[%clk 1:31:16]} 3. Nf3 {[%clk 1:31:19]} e5 {[%clk 1:31:05]} 4. dxe5
{[%clk 1:31:20]} dxe5 {[%clk 1:30:43]} 5. Nc3 {[%clk 1:31:07]} Ngf6
{[%clk 1:30:20]} 6. Bc4 {[%clk 1:29:51]} Be7 {[%clk 1:29:36]} 7. O-O
{[%clk 1:29:19]} O-O {[%clk 1:29:33]} 8. Bg5 {[%clk 1:28:37]} c6 {[%clk 1:28:47]}
9. Qe2 {[%clk 1:27:16]} Qc7 {[%clk 1:27:52]} 10. Rad1 {[%clk 1:26:37]} Nb6
{[%clk 1:24:08]} 11. Bb3 {[%clk 1:26:05]} Bg4 {[%clk 1:21:37]} 12. h3
{[%clk 1:25:56]} Bh5 {[%clk 1:20:36]} 13. Qe3 {[%clk 1:25:30]} Rad8
{[%clk 1:18:37]} 14. Ne2 {[%clk 1:22:16]} Bg6 {[%clk 1:12:40]} 15. Bh4
{[%clk 1:19:59]} Nxe4 {[%clk 1:08:13]} 16. Bxe7 {[%clk 1:19:28]} Qxe7
{[%clk 1:08:21]} 17. Ng3 {[%clk 1:19:42]} Nxg3 {[%clk 1:07:35]} 18. fxg3
{[%clk 1:20:01]} e4 {[%clk 1:04:30]} 19. Rxd8 {[%clk 1:19:51]} Rxd8
{[%clk 1:03:32]} 20. Re1 {[%clk 1:19:40]} Qf6 {[%clk 1:00:17]} 21. Ng5
{[%clk 1:18:25]} Qe5 {[%clk 0:55:45]} 22. h4 {[%clk 1:15:48]} h6 {[%clk 0:53:44]}
23. Nh3 {[%clk 1:15:23]} Qxb2 {[%clk 0:52:25]} 24. Nf4 {[%clk 1:15:40]} Bh7
{[%clk 0:52:03]} 25. Rf1 {[%clk 1:15:35]} Rf8 {[%clk 0:50:18]} 26. Ne6
{[%clk 1:13:49]} Rc8 {[%clk 0:41:45]} 27. Qf4 {[%clk 1:06:56]} f5
{[%clk 0:37:57]} 28. Ng5+ {[%clk 1:05:15]} Nd5 29. Bxd5+ {[%clk 1:03:53]} cxd5
{[%clk 0:37:44]} 30. Nxh7 {[%clk 1:04:12]} Rxc2 {[%clk 0:37:04]} 31. Nf6+
{[%clk 1:01:09]} gxf6 {[%clk 0:36:08]} 32. Qb8+ {[%clk 1:01:00]} Kg7
{[%clk 0:36:27]} 33. Rf2 {[%clk 1:01:14]} Rxf2 {[%clk 0:36:07]} 34. Qc7+
{[%clk 1:01:38]} Kg6 {[%clk 0:34:47]} 35. h5+ {[%clk 1:01:54]} Kg5
{[%clk 0:34:22]} 36. Qg7+ {[%clk 1:02:12]} Kxh5 {[%clk 0:34:43]} 37. Qf7+
{[%clk 1:02:23]} Kg5 {[%clk 0:34:34]} 38. Qg7+ {[%clk 1:02:40]} Kh5
{[%clk 0:34:58]} 39. Qf7+ {[%clk 1:03:02]} 1/2-1/2